| 000 | 00517cam a2200181 a 4500 | ||
|---|---|---|---|
| 005 | 20250901165355.0 | ||
| 008 | 810417r1981 nyu 000 1 eng | ||
| 010 | _a 81003082 | ||
| 020 |
_a0896961389 : _c$10.95 |
||
| 050 | 0 | 0 |
_aPR6005.A765 .C37 1981 _bP8 1981 |
| 082 | 0 | 0 |
_a823/.912 _219 |
| 100 | 1 |
_aCartland, Barbara, _d1902-2000. |
|
| 245 | 1 | 0 |
_aPure and untouched / _cby Barbara Cartland. |
| 250 | _a1st Amer. ed. | ||
| 260 |
_aNew York : _bEverest House, _cc1981. |
||
| 300 |
_a149 p. ; _c22 cm. |
||
| 942 | _2ddc | ||
| 999 |
_c2927 _d2927 |
||